000 00505nam a2200169Ia 4500
008 090711s9999 xx 000 0 und d
082 _b1864
100 _aकानसकर किसन
245 _aअग्निवलय
260 _bराज पब्लिकेशन्स
_c1999
300 _a120
600 _aकानसकर किसन
630 _aअग्निवलय
700 _aकानसकर किसन
730 _aअग्निवलय
942 _cBOOK
999 _c334743
_d334743